| 000 | 00520nam a2200169 4500 | ||
|---|---|---|---|
| 001 | 121117 | ||
| 003 | ES-MaACL | ||
| 005 | 20230906191707.0 | ||
| 007 | t| | ||
| 008 | 070214s1971 sp r ||||1| spa d | ||
| 245 | 0 | 0 |
_aPresente y futuro en la educación de las jóvenes / _cB. Aumont [et al.] ; versión por J. Arzálluz. |
| 260 |
_a[S. l. : _bs. n.], _c1971. |
||
| 300 |
_a212 p. ; _c20 cm. |
||
| 700 | 1 |
_aAumont, Bernadette. _9138695 |
|
| 700 | 1 |
_aArzalluz, Xabier. _9138694 |
|
| 852 |
_aES-MaACL _jC-45859 _bR.77729 |
||
| 999 |
_c121117 _d121117 |
||